MARC

LEADER 00000nam0a2200000 4500
001 341057
005 20240914063127.0
035 |a (RuTPU)RU\TPU\book\368284 
090 |a 341057 
100 |a 20180529d1984 m y0rusy50 ca 
101 0 |a rus 
102 |a RU 
105 |a ac z 001ay 
200 1 |a Собрание сочинений в одном томе  |f А. С. Пушкин  |g под ред. Г. Колосовой 
210 |a Москва  |c Художественная литература  |d 1984 
215 |a 623 с.  |c портр. 
320 |a Вступительная статья: с. 3-4 
600 1 |a Пушкин  |b А. С.  |c российский поэт  |c писатель  |f 1799-1837  |g Александр Сергеевич  |7 ca  |8 rus  |2 stltpush  |3 (RuTPU)RU\TPU\pers\1026  |9 453 
606 1 |a Русская литература, дореволюционная  |2 stltpush  |3 (RuTPU)RU\TPU\subj\26371  |9 50314 
610 1 |a художественная литература 
610 1 |a поэзия 
610 1 |a проза 
610 1 |a драмы 
610 1 |a романы 
610 1 |a публицистика 
610 1 |a записки 
610 1 |a воспоминания 
610 1 |a афоризмы 
610 1 |a анекдоты 
610 1 |a дневники 
610 1 |a русские писатели 
610 1 |a русские поэты 
610 1 |a 19 век 
675 |a Р1  |v 4 
700 1 |a Пушкин  |b А. С.  |c российский поэт  |c писатель  |f 1799-1837  |g Александр Сергеевич  |7 ca  |8 rus  |2 stltpush  |3 (RuTPU)RU\TPU\pers\1026  |4 070  |9 453 
702 1 |a Колосова  |b Г.  |4 340 
801 1 |a RU  |b 63413507  |c 20180529 
801 2 |a RU  |b 63413507  |c 20201214  |g RCR 
942 |c BK